| 000 | 00897nam a2200217 a 4500 | ||
|---|---|---|---|
| 001 | BRCA_1694 | ||
| 005 | 20190320203518.0 | ||
| 008 | 840313s1973 sp-a---###---#000-0#spa-# | ||
| 020 | _a8436902882 | ||
| 040 |
_aDLC _cCarP _dDLC |
||
| 050 | 4 |
_aF1219.56 _b.P56 1973 |
|
| 245 | 1 | 0 |
_aPintura del gobernador, alcaldes y regidores de México _bCódice Osuna. |
| 260 |
_aMadrid _bServicio de Publicaciones del Ministerio de Cultura : Ministerio de Educación y Ciencia, Dirección General de Archivos y Bibliotecas _c1973 |
||
| 300 |
_a1 v. (sin paginación) _bil. a color _c34 cm. |
||
| 500 | _aReproducción facsímilar de manuscrito mexicano, 1565 | ||
| 630 | 0 | 4 |
_aCódice Osuna _95298 |
| 650 | 1 | 4 |
_aAztecas _vTrabajos anteriores a 1800 _xRelaciones de gobierno _95299 |
| 650 | 1 | 4 |
_aIndígenas de México _xRelaciones de gobierno _95300 |
| 650 | 1 | 4 |
_aManuscritos nahuas _vFacsímil _95301 |
| 942 |
_2lcc _cB |
||
| 999 |
_c1485 _d1485 |
||